[Event "6th Parsvnath Open"]
[Site "New Delhi IND"]
[Date "2008.01.20"]
[Round "10"]
[White "Prakash,G"]
[Black "Venkatesh,M"]
[Result "1-0"]
[WhiteElo "2341"]
[BlackElo "2444"]

1.d4 Nf6 2.c4 e6 3.Nf3 Bb4+ 4.Nbd2 b6 5.g3 Bb7 6.Bg2 O-O 7.O-O d5 8.cxd5 exd5
9.Ne5 Nbd7 10.Ndf3 Be7 11.b3 Ne4 12.Bb2 c5 13.Rc1 Ndf6 14.Rc2 Bd6 15.Qa1 Rc8
16.Rd1 cxd4 17.Rxc8 Qxc8 18.Bxd4 Ba3 19.Nd3 Ba6 20.Nfe1 Bc5 21.Rc1 Qf5 22.Nf3 Bxd3
23.exd3 Ng5 24.Nxg5 Bxd4 25.Qxd4 Qxg5 26.Rc7 Re8 27.Bf3 h6 28.Kg2 Re1 29.h4 Qd2
30.Bxd5 Qd1 31.Bf3 Rg1+ 32.Kh2 Qe1 33.Rc8+ Kh7 34.Be4+ Nxe4 35.Qxe4+ Qxe4
36.dxe4 Ra1 37.a4 Rb1 38.Rc7 Kg6 39.Rxa7 Rxb3 40.e5 Rb4 41.h5+ Kxh5 42.Rxf7 g5
43.Rf6 g4 44.Rf5+ Kg6 45.Rf4 Rb2 46.Rxg4+ Kf5 47.Rf4+ Kxe5 48.Kg2 Rc2 49.Rh4 Rc6
50.Rh5+ Ke4 51.a5 bxa5 52.Rxa5 Rg6 53.Rh5 Rf6 54.Rb5 Rg6 55.f3+ Kd4 56.g4 Re6
57.Rh5 Ke3 58.Kg3 Ke2 59.Ra5 Ke3 60.f4 Ke4 61.Rf5 Rb6 62.Re5+ Kd4 63.Re1 Rf6
64.Re5 Rb6 65.Ra5 Rb1 66.g5 hxg5 67.fxg5 Ke4 68.Kg4 Rh1 69.g6 Rg1+ 70.Kh5 Kf4
71.Kh6 Rh1+ 72.Kg7 Rb1 73.Kh7 Rh1+ 74.Kg8 Rb1 75.g7 Rb8+ 76.Kh7 Rb7 77.Kh8  1-0

[Event "ch-AZE"]
[Site "Baku AZE"]
[Date "2008.01.23"]
[Round "4"]
[White "Abbasov,F"]
[Black "Gasimov,R"]
[Result "0-1"]
[WhiteElo "2519"]
[BlackElo "2394"]

1.d4 Nf6 2.c4 e6 3.Nf3 Bb4+ 4.Nbd2 b6 5.a3 Bxd2+ 6.Qxd2 a5 7.b3 Bb7 8.e3 d6
9.Bb2 Nbd7 10.Be2 O-O 11.O-O Ne4 12.Qc2 f5 13.Ne1 Qe7 14.f3 Nef6 15.Nd3 c5
16.Rfe1 Rac8 17.dxc5 bxc5 18.Rad1 Ra8 19.Nc1 Bc6 20.Na2 a4 21.b4 Rfb8 22.Qd2 d5
23.bxc5 dxc4 24.Bxc4 Nxc5 25.Nb4 Bb5 26.Bxb5 Rxb5 27.Be5 Nb3 28.Qb2 Nd5 29.Nxd5 exd5
30.f4 Rc8 31.Qe2 Rbc5 32.Qa6 Qd7 33.h3 Ra5 34.Qe2 Qe6 35.Qh5 Qf7 36.Qh4 h6
37.Rf1 Ra6 38.Rf3 Rg6 39.Kh2 Kh7 40.Rg3 Rc2 41.Kh1 Qe6 42.Rg1 Nc5 43.Rf3 Ne4
44.Qe1 d4 45.Bxd4 Qa2 46.Qa1 Rgxg2 47.Rxg2 Rxg2 48.Qxa2 Rxa2 49.Kg1 Kg6 50.Rf1 Kh5
51.Bxg7 Kh4 52.Rb1 Kg3 53.Rb6 Kf3 54.Bb2 Ng3 55.Rb4 h5 56.h4 Kxe3 57.Kg2 Ne4
58.Kf1 Kxf4 59.Ke2 Kg3 60.Ke3 Nf2 61.Be5+ Kg2 62.Rxa4 Ng4+ 63.Kf4 Rf2+ 64.Kg5 Nxe5
65.Rf4 Nf7+ 66.Kxf5 Rxf4+ 67.Kxf4 Kh3 68.a4 Kxh4 69.a5 Nd6 70.a6 Nb5 71.Kf3 Kh3
72.Kf2 Kh2 73.Kf3 h4 74.Kf2 h3 75.Kf1 Kg3  0-1

[Event "ch-AZE"]
[Site "Baku AZE"]
[Date "2008.01.26"]
[Round "7"]
[White "Akhmedov,F"]
[Black "Guliev,L"]
[Result "0-1"]
[WhiteElo "2246"]
[BlackElo "2438"]

1.d4 Nf6 2.c4 e6 3.Nf3 Bb4+ 4.Nbd2 O-O 5.a3 Be7 6.e3 c5 7.dxc5 Bxc5 8.Be2 d5
9.O-O Nc6 10.b4 Be7 11.Qc2 a5 12.b5 Nb8 13.Bb2 Nbd7 14.cxd5 Nxd5 15.Bd3 g6
16.e4 Nf4 17.Bc4 Qc7 18.Qc3 Bf6 19.e5 Be7 20.Qd4 Nh5 21.g4 Bc5 22.Qe4 Ng7
23.Qf4 f5 24.Qh6 Be7 25.gxf5 Rxf5 26.Bd3 Rh5 27.Qf4 Nc5 28.Rac1 Nxd3 29.Rxc7 Nxf4
30.Rxe7 Nd5 31.Rxg7+ Kxg7 32.Ne4 Rf5 33.Nd4 Rf4 34.f3 Rf7 35.Nd6 Re7 36.Rc1 Bd7
37.a4 Kg8 38.Ba3 Be8 39.Ne4 Rc7 40.Rxc7 Nxc7 41.Nf6+ Kf7 42.Nxh7 Bd7 43.Ng5+ Kg8
44.Ne4 Nd5 45.Kf2 b6 46.Nd6 Nc3 47.Ke3 Kg7 48.Kd3 Nd5 49.Ne4 Rc8 50.Bb2 Rh8
51.Ng5 Nf4+ 52.Ke3 Rxh2 53.Kxf4 Rxb2 54.Ngxe6+ Bxe6 55.Nxe6+ Kf7 56.Nd8+ Ke8
57.Nc6 Ra2 58.e6 Rxa4+ 59.Ke5 Rc4 60.Nb8 a4 61.Nd7 a3 62.Nxb6 Rc5+  0-1

[Event "13th HIT Open A"]
[Site "Nova Gorica SLO"]
[Date "2008.01.26"]
[Round "1"]
[White "Krumpacnik,D"]
[Black "Markus,Rob"]
[Result "1/2-1/2"]
[WhiteElo "2411"]
[BlackElo "2575"]

1.d4 Nf6 2.Nf3 e6 3.c4 Bb4+ 4.Nbd2 b6 5.g3 Bb7 6.Bg2 c5 7.O-O cxd4 8.Nb3 Be7
9.Nbxd4 O-O 10.b3 d6 11.Bb2 a6 12.Qd2 Nbd7 13.Rfd1 Qc7 14.Rac1 Rfe8 15.Bh3 Bf8
16.b4 Rac8 17.a3 Ba8 18.Bg2 Qb8 19.Qe3 g6 20.h3 e5 21.Nb3 d5 22.cxd5 Rxc1
23.Rxc1 Bxd5 24.Nbd2 Qb7 25.Ne1 a5 26.bxa5 bxa5 27.Rb1 Bxg2 28.Nxg2 Qd5 29.Qc3 Bc5
30.Bc1 Qe6 31.h4 Ng4 32.e3 Qf5 33.f3 Ngf6 34.Rb7 Bb6 35.Bb2 Qe6 36.Qc4 Nd5
37.Ne4 N5f6 38.Nxf6+ Nxf6 39.Qxe6 Rxe6 40.Kf1 Ne8 41.e4 f6 42.Ke2 Rc6 43.Ne1 Nd6
44.Rd7 Nc4 45.Bc1 Rc7 46.Rxc7 Bxc7 47.Kd3 Nd6 48.Be3 Kf7 49.a4 Ke6 50.Nc2 Kd7
51.Na3 Kc6 52.Nc4 Nxc4 53.Kxc4 h5 54.Bc5 f5 55.Be3 fxe4 56.fxe4 Bd8 57.Bd2 Bb6
58.Be1 Bd8 59.Bf2 Be7 60.Be3 Bb4  1/2-1/2

[Event "6th Gibtelecom Masters"]
[Site "Gibraltar ENG"]
[Date "2008.01.30"]
[Round "9"]
[White "Hughes,Pe"]
[Black "Marks,I"]
[Result "1/2-1/2"]
[WhiteElo "2195"]
[BlackElo "1919"]

1.d4 Nf6 2.c4 e6 3.Nf3 Bb4+ 4.Nbd2 O-O 5.Qc2 d5 6.e3 b6 7.a3 Bxd2+ 8.Bxd2 Bb7
9.Rc1 c6 10.Be2 Nbd7 11.O-O Rc8 12.Qb1 Ne4 13.Rfd1 Ndf6 14.Be1 Re8 15.b4 Qe7
16.Ne5 Nd7 17.f3 Nd6 18.Nxd7 Qxd7 19.c5 Nf5 20.Bf2 Qe7 21.e4 Nh4 22.Qd3 Rcd8
23.e5 Ng6 24.Qe3 f6 25.f4 fxe5 26.fxe5 Rf8 27.Bg3 Nh4 28.Bxh4 Qxh4 29.Bd3 Qf4
30.Qxf4 Rxf4 31.b5 bxc5 32.Rxc5 Rc8 33.g3 Rff8 34.Rdc1 cxb5 35.Rxc8 Rxc8
36.Rxc8+  1/2-1/2

[Event "FSGM February"]
[Site "Budapest HUN"]
[Date "2008.02.11"]
[Round "10"]
[White "Prohaszka,P2"]
[Black "Kosic,D"]
[Result "1/2-1/2"]
[WhiteElo "2495"]
[BlackElo "2511"]

1.d4 e6 2.c4 Nf6 3.Nf3 Bb4+ 4.Nbd2 b6 5.a3 Bxd2+ 6.Bxd2 Bb7 7.Bg5 h6 8.Bh4 d6
9.e3 Nbd7 10.Be2 Qe7 11.Nd2 c5 12.Bf3 Bxf3 13.Qxf3 O-O 14.O-O Rfe8 15.Ne4 cxd4
16.exd4 g5 17.Nxf6+ Qxf6 18.Qxf6 Nxf6 19.Bg3 Ne4  1/2-1/2

[Event "TCh-BEL 2007-8"]
[Site "Belgium BEL"]
[Date "2008.02.17"]
[Round "9"]
[White "Becker,Marce"]
[Black "Saiboulatov,D"]
[Result "1/2-1/2"]
[WhiteElo "2360"]
[BlackElo "2373"]

1.d4 e6 2.c4 Bb4+ 3.Nd2 Nf6 4.Nf3 d6 5.a3 Bxd2+ 6.Bxd2 a5 7.Qc2 Nc6 8.Rd1 Qe7
9.Bg5 h6 10.Bh4 e5 11.d5 Nb8 12.Nd2 g5 13.Bg3 Nbd7 14.h4 Nh5 15.Qc3 g4 16.e4 a4
17.Bd3 Nc5 18.Bc2 Bd7 19.Qe3 Qf6 20.O-O Rg8 21.Nb1 Nf4 22.Nc3 h5 23.Ne2 Nxe2+
24.Qxe2 Qg6 25.Qe3 b6 26.Rfe1 O-O-O 27.b4 axb3 28.Bxb3 f5 29.exf5 Bxf5 30.Ra1 Bd3
31.Ba2 e4 32.Bb1 Bxc4 33.a4 Rde8 34.a5 Qg7 35.Ba2 Bxa2 36.Rxa2 bxa5 37.Rxa5 Qb2
38.Rc1 Rg7  1/2-1/2

[Event "ch-ROU"]
[Site "Cluj ROU"]
[Date "2008.02.27"]
[Round "4"]
[White "Manolache,M"]
[Black "Anton,T"]
[Result "1-0"]
[WhiteElo "2530"]
[BlackElo "2242"]

1.d4 Nf6 2.c4 e6 3.Nf3 Bb4+ 4.Nbd2 d5 5.a3 Bd6 6.Qc2 Nbd7 7.c5 Be7 8.h3 O-O
9.e3 c6 10.Bd3 Re8 11.b4 Qc7 12.Bb2 b6 13.O-O a5 14.Rfc1 bxc5 15.dxc5 e5
16.e4 dxe4 17.Nxe4 Nd5 18.b5 f5 19.Nd6 Bxd6 20.cxd6 Qxd6 21.Qxc6 Qxc6 22.bxc6 N7f6
23.Bxe5 Be6 24.Nd4 Kf7 25.Nb5  1-0

[Event "ch-ROU"]
[Site "Cluj ROU"]
[Date "2008.02.28"]
[Round "6"]
[White "Raceanu,V"]
[Black "Berescu,A"]
[Result "1-0"]
[WhiteElo "2407"]
[BlackElo "2498"]

1.d4 Nf6 2.c4 e6 3.Nf3 Bb4+ 4.Nbd2 b6 5.e3 Bb7 6.a3 Bxd2+ 7.Qxd2 d6 8.Be2 Nbd7
9.b4 Ne4 10.Qc2 O-O 11.O-O f5 12.Bb2 Qe7 13.d5 e5 14.Nd2 Nxd2 15.Qxd2 c6
16.dxc6 Bxc6 17.Rad1 Rf6 18.f4 Rc8 19.Rf2 Rg6 20.Bd3 Rf8 21.Qc2 exf4 22.exf4 Qe3
23.Kf1 Re8 24.g3 Bf3 25.Bxf5 Nf6 26.Bxg6 Ng4 27.Bxe8 Bxd1 28.Qd2 Qxe8 29.Qd4 Qe7
30.Rd2 Bf3 31.Qxd6 Be2+ 32.Ke1  1-0

[Event "TCh-BEL 2007-8"]
[Site "Belgium BEL"]
[Date "2008.03.02"]
[Round "10"]
[White "Malakhatko,V"]
[Black "Dgebuadze,A"]
[Result "1/2-1/2"]
[WhiteElo "2600"]
[BlackElo "2512"]

1.d4 Nf6 2.c4 e6 3.Nf3 Bb4+ 4.Nbd2 b6 5.a3 Bxd2+ 6.Qxd2 Bb7 7.e3 Nc6 8.b4 Ne7
9.Be2 a5 10.Bb2 axb4 11.axb4 Rxa1+ 12.Bxa1 b5 13.cxb5 Ne4 14.Qc2 O-O 15.O-O f5
16.Rb1 Nd5 17.Ne1 Qg5 18.Bf3 Nxe3 19.Qc1 Nd5 20.Qxg5 Nxg5 21.Bxd5 Bxd5 22.Rc1 c6
23.bxc6 dxc6 24.Bc3  1/2-1/2

[Event "Cvijet Mediterana"]
[Site "Rijeka CRO"]
[Date "2008.03.06"]
[Round "8"]
[White "Maisuradze,N"]
[Black "Franciskovic,B"]
[Result "1-0"]
[WhiteElo "2270"]
[BlackElo "2238"]

1.d4 Nf6 2.Nf3 e6 3.c4 Bb4+ 4.Nbd2 b6 5.a3 Bxd2+ 6.Qxd2 Bb7 7.e3 O-O 8.Be2 d6
9.O-O Nbd7 10.b4 Ne4 11.Qc2 f5 12.Bb2 Rf6 13.d5 Rh6 14.Rad1 e5 15.g3 c6 16.Nh4 Rxh4
17.gxh4 Qxh4 18.f3 Ng3 19.Rf2 Nxe2+ 20.Rxe2 Qg5+ 21.Kh1 cxd5 22.cxd5 Rc8
23.Qd3 Nf6 24.e4 Nh5 25.Rg1 Qh4 26.Reg2 f4 27.Rc1 Rxc1+ 28.Bxc1 Qe1+ 29.Rg1 Qf2
30.Qf1 Qh4 31.Qb5 h6 32.Qe8+ Kh7 33.Qg6+ Kh8 34.Qg4 Qxg4 35.Rxg4 Nf6 36.Rg2 b5
37.Rc2 Ne8 38.a4 bxa4 39.b5 Kg8 40.Rc4 a6 41.Rxa4 Nc7 42.bxa6 Bxa6 43.Ba3 Bb5
44.Ra7 Ne8 45.Rb7 Be2 46.Kg2 Kf8 47.Rd7 Bb5 48.Bxd6+ Kg8 49.Rd8 Kf7 50.Bxe5 g5
51.Rb8  1-0

[Event "Bobby Fischer Memorial Rapid"]
[Site "Reykjavik ISL"]
[Date "2008.03.10"]
[Round "3"]
[White "Portisch,L"]
[Black "Olafsson,F"]
[Result "1/2-1/2"]
[WhiteElo "2530"]
[BlackElo "2440"]

1.d4 Nf6 2.c4 e6 3.Nf3 Bb4+ 4.Nbd2 d5 5.Qa4+ Nc6 6.a3 Bd6 7.b4 Bd7 8.Qc2 dxc4
9.Nxc4 b5 10.Nce5 Nxd4 11.Nxd4 Bxe5 12.Bb2 Qc8 13.g3 Qb7 14.Rg1 O-O 15.Bg2 Nd5
16.Nb3 Bxb2 17.Qxb2 c6 18.e3 Rfd8 19.Ke2 Be8 20.Bf3 Qe7 21.Rgc1 Rac8 22.Kf1 e5
23.Kg1 Nb6 24.Na5 e4 25.Bg2 Na4 26.Qc2 Rd3 27.Nb3 Rc3 28.Qa2 c5 29.Nxc5 Rxc1+
30.Rxc1 Nxc5 31.Qc2 a5 32.bxc5 Bc6 33.Qc3 Qb7 34.Qxa5 h5 35.Rd1 Qe7 36.Qb6 Be8
37.Bh3 Rxc5 38.Rd8 Rc1+ 39.Kg2 Kh7 40.Bf5+ g6 41.Qb8 Qf6 42.Rxe8 Qxf5 43.Rh8+ Kg7
44.Qf8+ Kf6 45.Qd8+ Kg7 46.Rg8+ Kh7 47.Rh8+ Kg7 48.Qd4+ f6  1/2-1/2

[Event "TCh-AUT 1st Bundesliga 2007-8"]
[Site "Graz AUT"]
[Date "2008.03.13"]
[Round "8"]
[White "Pilaj,H"]
[Black "Schachinger,M"]
[Result "1/2-1/2"]
[WhiteElo "2374"]
[BlackElo "2308"]

1.d4 Nf6 2.c4 e6 3.Nf3 Bb4+ 4.Nbd2 b6 5.a3 Bxd2+ 6.Qxd2 Bb7 7.e3 d6 8.b4 Nbd7
9.Bb2 Ne4 10.Qc2 f5 11.d5 e5 12.Bd3 Ndf6 13.Qa4+ Qd7 14.Qxd7+ Kxd7 15.Nd2 g6
16.f3 Nxd2 17.Kxd2 Rhf8 18.Rhf1 c6 19.dxc6+ Bxc6 20.Be2 Ke6 21.Rfd1 Rfd8
22.Ke1 a6 23.Rd2 b5 24.Rc1 bxc4 25.Bxc4+ d5 26.Be2 Bb5 27.Rc5 Bxe2 28.Kxe2 Rac8
29.Rdc2 Rxc5 30.Rxc5 Rd6 31.Rc7 Nd7 32.h4 h5 33.Rc8 Nb6 34.Rg8 Kf7 35.Bxe5 Re6
36.Rg7+ Kf8 37.Bd4 Nc4 38.Rd7 Nxe3 39.Bxe3 f4 40.Rxd5 Rxe3+ 41.Kf2 Rxa3 42.Rd4 Ra2+
43.Kg1 Kg7 44.Rxf4 a5 45.bxa5 Rxa5 46.Kf2 Ra2+ 47.Kg3 Rc2 48.Ra4 Rb2 49.Ra3 Rc2
50.f4 Rc5 51.Kf3 Rb5 52.Rd3 Rb4 53.g4 hxg4+ 54.Kxg4 Rb1 55.Rg3 Kf6  1/2-1/2

[Event "15th Belisce Metalis Open"]
[Site "Bizovac CRO"]
[Date "2008.03.21"]
[Round "1"]
[White "Matosevic,P"]
[Black "Grecescu,G"]
[Result "0-1"]
[WhiteElo "1984"]
[BlackElo "2383"]

1.d4 Nf6 2.Nf3 e6 3.c4 Bb4+ 4.Nbd2 O-O 5.a3 Bxd2+ 6.Bxd2 d6 7.e3 Nc6 8.Bd3 e5
9.dxe5 dxe5 10.Bc3 Re8 11.Be2 Qe7 12.O-O a5 13.h3 Ne4 14.Be1 Bf5 15.Nh2 Nc5
16.Bc3 Rad8 17.Qe1 Nd3 18.Qb1 Qg5 19.Bg4 Bg6 20.Qa2 h5 21.Be2 e4 22.Bxd3 Rxd3
23.Kh1 Red8 24.Rg1 Qc5 25.Qb3 b6 26.Qb5 Qxb5 27.cxb5 Ne7 28.Rac1 R8d5 29.g4 Rxb5
30.Bd4 hxg4 31.Nxg4 c5 32.Bc3 Nd5 33.Ne5 Nxc3 34.bxc3 Rd6 35.Rb1 Rxb1 36.Rxb1 Bh5
37.Kg2 Be2 38.Rb2 Ba6 39.f4 f6 40.Ng4 Kf7 41.Nf2 f5 42.h4 b5 43.Rb1 Rd2 44.Rd1 Rxd1
45.Nxd1 Ke6 46.Kf2 Bb7 47.Nb2 Bd5 48.a4 Bb3 49.axb5 a4  0-1

[Event "Doeberl Cup"]
[Site "Canberra AUS"]
[Date "2008.03.22"]
[Round "5"]
[White "Malakhatko,V"]
[Black "Mas,H"]
[Result "1/2-1/2"]
[WhiteElo "2600"]
[BlackElo "2382"]

1.d4 Nf6 2.c4 e6 3.Nf3 Bb4+ 4.Nbd2 b6 5.a3 Bxd2+ 6.Qxd2 Bb7 7.e3 O-O 8.Be2 d6
9.b4 Ne4 10.Qc2 f5 11.O-O Rf6 12.Bb2 Rg6 13.g3 Nd7 14.Rad1 Rh6 15.d5 e5 16.Nh4 Rxh4
17.gxh4 Qxh4 18.f4 Ng3 19.Rf2 Nxe2+ 20.Qxe2 Re8 21.Rg2 g6 22.Qf3 Bc8 23.h3 Nf6
24.c5 bxc5 25.bxc5 Ne4 26.cxd6 cxd6 27.Kh2 Qd8 28.fxe5 dxe5 29.d6 Bd7 30.Rd5 Qb6
31.Rxe5 Qxd6 32.Qf4 Rxe5 33.Qxe5 Qxe5+ 34.Bxe5 Kf7 35.Rb2 a5 36.Bd4 g5 37.Rb6 h5
38.h4 gxh4 39.Rb7 Ke7 40.Be5 Nd2 41.Bf4 a4 42.Rb4 Nf3+ 43.Kh3 Bc6 44.Rb8 Ke6
45.Bc7 Kd5 46.Rb4 Kc5 47.Bd8 Bd7 48.Kg2 Ne1+ 49.Kf1 Nc2 50.Be7+ Kd5 51.Rxh4 Nxe3+
52.Ke2 Ng2 53.Rh2 Nf4+ 54.Kf3 Ng6 55.Bb4 h4 56.Rd2+ Kc4 57.Rc2+ Kb3 58.Rc3+ Ka2  1/2-1/2

[Event "TCh-FRA Top 16 Gp B"]
[Site "Gonfreville FRA"]
[Date "2008.03.22"]
[Round "1"]
[White "Clery,N"]
[Black "Vallin,G"]
[Result "1/2-1/2"]
[WhiteElo "2390"]
[BlackElo "2409"]

1.d4 e6 2.Nf3 Nf6 3.c4 Bb4+ 4.Nbd2 d5 5.g3 O-O 6.Bg2 dxc4 7.Qc2 Nc6 8.Qxc4 Ne4
9.Qd3 Nxd2 10.Bxd2 Bxd2+ 11.Qxd2 Qd6 12.Qc3 Rd8 13.e3 Bd7 14.O-O Be8 15.a3 Ne7
16.Ne5 Nd5 17.Qb3 c5 18.Nc4 Qc7 19.dxc5 Qxc5 20.Rfc1 Rac8 21.Qxb7 Rc7 22.Qa6 Bb5
23.Qa5 Bxc4 24.Qxc5 Rxc5 25.b3 Nb6 26.bxc4 Rxc4 27.Rxc4 Nxc4 28.a4 a5 29.Bc6 Nb2
30.Kf1 Kf8 31.Bb5 Ke7 32.Ke2 Rc8 33.Ke1 Rc2 34.Ra3 Kd6 35.Rb3 Kc5 36.Be8 Kc4
37.Rb8 f5 38.Bd7 Kd3 39.Bb5+ Kc3 40.Rc8+ Kb3 41.Rb8 Ka3 42.Ra8 Kb4 43.Rb8 Ka3
44.Ra8 Kb4 45.Rb8  1/2-1/2

[Event "TCh-FRA Top 16 Gp A"]
[Site "Marseille FRA"]
[Date "2008.03.22"]
[Round "1"]
[White "Delorme,L"]
[Black "Cochet,C"]
[Result "1-0"]
[WhiteElo "2072"]
[BlackElo "2066"]

1.d4 Nf6 2.Nf3 e6 3.c4 Bb4+ 4.Nbd2 b6 5.a3 Bxd2+ 6.Qxd2 Bb7 7.e3 d6 8.Be2 O-O
9.O-O Nbd7 10.b4 Ne4 11.Qc2 f5 12.Bb2 f4 13.d5 exd5 14.cxd5 Ndf6 15.Bxf6 Nxf6
16.e4 Qe7 17.Bd3 Ng4 18.Rac1 Rf7 19.Qb2 Ne5 20.Nxe5 dxe5 21.Be2 Qd6 22.Rc3 Kh8
23.Rfc1 a5 24.b5 Raf8 25.Qc2 Qg6 26.Bf3 Re8 27.h3 Qd6 28.Bg4 Ref8 29.a4 Bc8
30.Rxc7 Bxg4 31.Rxf7 Rxf7 32.hxg4 h6 33.Qc6 Qa3 34.Rc3 Qa1+ 35.Kh2 Kh7 36.g5 g6
37.Qe6 Rg7 38.Rc8  1-0

[Event "TCh-FRA Top 16 Gp A"]
[Site "Marseille FRA"]
[Date "2008.03.23"]
[Round "2"]
[White "Gozzoli,Y"]
[Black "Riff,JN"]
[Result "1/2-1/2"]
[WhiteElo "2510"]
[BlackElo "2474"]

1.d4 Nf6 2.c4 e6 3.Nf3 Bb4+ 4.Nbd2 b6 5.a3 Bxd2+ 6.Qxd2 Bb7 7.e3 O-O 8.Be2 d6
9.b4 Nbd7 10.Bb2 a5 11.O-O Qe7 12.Qc2 Ra7 13.Nd2 axb4 14.axb4 Rfa8 15.f3 Qf8
16.Rxa7 Rxa7 17.e4 c5 18.bxc5 bxc5 19.d5 Qe7 20.Nb3 Nf8 21.Ra1 Rxa1+ 22.Bxa1 e5
23.Qa2 Qd8 24.Bc3 N6d7 25.Qa7 Qb6 26.Qa4 f5 27.Nd2 f4 28.g3 Qa6 29.Bd1 g5
30.Qxa6 Bxa6 31.Ba5 Kf7 32.Bc7 Ke7 33.Nb3 Nf6 34.Na5 Ne8 35.Nc6+ Kf7 36.Bd8 h6
37.Na5 Bc8 38.Ba4 fxg3 39.hxg3 g4 40.Kf2 gxf3 41.Kxf3 Nh7 42.Ke3  1/2-1/2

[Event "15th Belisce Metalis Open"]
[Site "Bizovac CRO"]
[Date "2008.03.24"]
[Round "7"]
[White "Buric,D"]
[Black "Fiskus,Z"]
[Result "1-0"]
[WhiteElo "2209"]
[BlackElo "1964"]

1.d4 Nf6 2.c4 e6 3.Nf3 Bb4+ 4.Nbd2 Ne4 5.a3 Bxd2+ 6.Nxd2 d5 7.Nxe4 dxe4 8.Bf4 O-O
9.e3 c6 10.f3 exf3 11.Qxf3 Nd7 12.Bd6 Re8 13.Bd3 e5 14.O-O Qf6 15.Qh5 g6
16.Rxf6 gxh5 17.Rh6 e4 18.Be2 Re6 19.Rxe6 fxe6 20.Rf1 b6 21.Bxh5 Kg7 22.Rf2 Kg8
23.g4 a5 24.g5 b5 25.c5  1-0

[Event "SCT Ladies Open"]
[Site "Stockholm SWE"]
[Date "2008.03.25"]
[Round "9"]
[White "Shaidullina,S"]
[Black "Dzagnidze,N"]
[Result "0-1"]
[WhiteElo "2306"]
[BlackElo "2429"]

1.d4 Nf6 2.c4 e6 3.Nf3 Bb4+ 4.Nbd2 b6 5.a3 Bxd2+ 6.Qxd2 Bb7 7.e3 d6 8.Be2 Nbd7
9.b4 Ne4 10.Qc2 O-O 11.O-O f5 12.Ne1 c5 13.f3 Nef6 14.d5 exd5 15.Qxf5 Kh8
16.Qg5 dxc4 17.Bxc4 d5 18.Bd3 Qe7 19.f4 a5 20.b5 d4 21.exd4 cxd4 22.Ra2 Nc5
23.Re2 Qf7 24.Bb2 Rad8 25.Qh4 Rfe8 26.Rd2 Rd6 27.Nf3 Nxd3 28.Rxd3 Re2 29.Rxd4 Bxf3
30.Rxf3 Qg6 31.Qg3 Rxd4 32.Qxg6 Rd1+ 33.Rf1 hxg6 34.Rxd1 Rxb2 35.a4 Rb4 36.g3 Rxa4
37.Rd6 Rb4 38.Rxb6 Nd5 39.Rb8+ Kh7 40.Kf2 a4 41.Ra8 Nc3 42.Ke3 Nxb5 43.g4 a3
44.h4 Rb3+ 45.Kd2 Rg3 46.g5 a2 47.Kc2 Rg2+ 48.Kd3 Na3  0-1

[Event "3rd Open"]
[Site "Kolkata IND"]
[Date "2008.03.27"]
[Round "4"]
[White "Koneru,H"]
[Black "Ramesh,R"]
[Result "1/2-1/2"]
[WhiteElo "2612"]
[BlackElo "2473"]

1.d4 Nf6 2.c4 e6 3.Nf3 Bb4+ 4.Nbd2 b6 5.e3 Bb7 6.Bd3 O-O 7.O-O d5 8.a3 Be7
9.b3 c5 10.Bb2 cxd4 11.Nxd4 Nc6 12.Nxc6 Bxc6 13.Qe2 dxc4 14.Nxc4 Qd5 15.f3 Bb5
16.Rfd1 Qh5 17.a4 Bxc4 18.Bxc4 Rfd8 19.e4 Bc5+ 20.Kh1 Qg5 21.g3 h5 22.e5 Nd5
23.Bxd5 exd5 24.Rd3 Rd7 25.Rad1 Rad8 26.Kg2 Qf5 27.h3 d4 28.g4 Qe6 29.gxh5 f6
30.f4 fxe5 31.fxe5 Rd5 32.Qg4 Rxe5 33.Qxe6+ Rxe6 34.R1d2 Rd5 35.Rg3 a5 36.Rg4 Red6
37.Rd3 Kh7 38.Bc1 Rxh5 39.Bg5 Rg6 40.h4 Be7 41.Rdxd4 Bxg5 42.hxg5 Rhxg5 43.Rxg5 Rxg5+
44.Kf3 b5 45.Kf4 Rh5 46.Kg4 g6 47.axb5 Rxb5 48.Rd3 Kh6 49.Rh3+ Rh5 50.Rc3 Rg5+
51.Kf4 Rb5 52.Rh3+ Rh5 53.Rc3 Rh4+ 54.Kg3 Rb4 55.Kg2 Rb5 56.Kg3 Kg5 57.Rf3 Rc5
58.Kh3 Kh5 59.Rd3 Kg5 60.Rf3 Rf5 61.Rc3 Kh5 62.Kg3 Kg5 63.Rd3 Rc5 64.Rf3 Rb5
65.Kh3 Rf5 66.Rc3 Kf4 67.Kg2 Ke4 68.Rc6 Rg5+ 69.Kf2 Kd4 70.Kf3 Rf5+ 71.Ke2 Re5+
72.Kf2 g5 73.Rb6 Kc5 74.Rb8 g4 75.Kg3 Re4 76.Ra8 Kb6 77.Rb8+ Ka7 78.Rb5 Ka6
79.Rb8 Rd4 80.Kh4 Rd5 81.Kxg4 Rb5 82.Rd8 Rxb3 83.Kf4 Kb5 84.Ke4 a4 85.Kd4 Kb4
86.Rb8+ Ka3 87.Ra8 Rb7 88.Kc3 Rc7+ 89.Kd2 Kb3 90.Rb8+ Ka2 91.Ra8 a3 92.Rb8 Rh7
93.Kc2 Rh2+ 94.Kc1 Rb2 95.Ra8 Kb3 96.Rb8+ Ka2 97.Ra8 Rb4 98.Kc2 Rc4+ 99.Kd2 Rc7
100.Rb8 Ka1 101.Ra8 a2 102.Rb8 Rh7 103.Kc2 Rh1 104.Rb7 Rb1 105.Rh7 Rb2+  1/2-1/2

[Event "Internatonal Open"]
[Site "Sydney AUS"]
[Date "2008.03.27"]
[Round "5"]
[White "Cheng,Bo"]
[Black "Hay,T"]
[Result "0-1"]
[WhiteElo "2064"]
[BlackElo "2310"]

1.d4 Nf6 2.c4 e6 3.Nf3 Bb4+ 4.Nbd2 O-O 5.e3 d5 6.b3 c5 7.Bb2 cxd4 8.exd4 Nc6
9.Bd3 dxc4 10.bxc4 e5 11.d5 e4 12.Bxf6 Qxf6 13.Bxe4 Nd4 14.O-O Bg4 15.Rb1 Bxd2
16.Qxd2 Bxf3 17.Bxf3 Nxf3+ 18.gxf3 Qxf3 19.Qd4 b6 20.a4 Rfd8 21.Rfe1 Rd6
22.Qe4 Rg6+ 23.Kf1 Qh3+ 24.Ke2 Qxh2 25.Kd3 h5 26.Re2 Qd6 27.Qe7 Qf4 28.Rbe1 Rc8
29.Re4 Qxf2 30.Qd7 Rf8 31.Re8 Rxe8 32.Qxe8+ Kh7 33.Qe5 Qf3+ 34.Re3 Qf1+ 35.Kc3 Rh6
36.d6 Qa1+ 37.Kb4 Qxe5 38.Rxe5 Rxd6 39.Rxh5+ Kg6 40.Rh8 f5  0-1

[Event "67th ch-GEO KO"]
[Site "Tbilisi GEO"]
[Date "2008.03.28"]
[Round "5.1"]
[White "Mchedlishvili,M"]
[Black "Shanava,K"]
[Result "1-0"]
[WhiteElo "2635"]
[BlackElo "2521"]

1.d4 Nf6 2.c4 e6 3.Nf3 Bb4+ 4.Nbd2 O-O 5.a3 Be7 6.e4 d5 7.Qc2 dxe4 8.Nxe4 Nbd7
9.Nxf6+ Nxf6 10.Bd3 b6 11.Bg5 h6 12.Bxf6 Bxf6 13.O-O-O Bb7 14.Bh7+ Kh8 15.Be4 Bxe4
16.Qxe4 b5 17.Ne5 bxc4 18.Nxc4 Rb8 19.Rd2 Qd7 20.Rhd1 Qb5 21.Rc2 c5 22.Nd6 Qb3
23.dxc5 Bxb2+ 24.Kd2 Qxa3 25.Ke2 Qa6+ 26.Rd3 f5 27.Qxe6 Rfe8 28.Qxe8+ Rxe8+
29.Nxe8 Qa4 30.Rxb2 Qxe8+ 31.Kd2 Qc6 32.Rc2 Qxg2 33.Kc1 Qc6 34.f3 Kh7 35.Rcc3 a5
36.h4 h5 37.Rd4 Qf6 38.Rdc4 Qc6 39.Kb2 Qb5+ 40.Ka3 Qc6 41.Ra4 g5 42.Rxa5 gxh4
43.f4 Qc7 44.Rb5 h3 45.Rxh3 Qxf4 46.Rc3 Kg6 47.c6 Qc7 48.Rb7 Qc8 49.Rd7 Qa6+
50.Kb2 Qb5+ 51.Kc1 Qf1+ 52.Kc2 Qe2+ 53.Rd2 Qe4+ 54.Rdd3 Qa4+ 55.Kb2 Qb4+
56.Kc1 Qf4+ 57.Kc2 Qa4+ 58.Kb2 Qb4+ 59.Kc1 Qf4+ 60.Rd2 Qc7 61.Rd7 Qf4+ 62.Kc2 Qa4+
63.Kc1 Qf4+ 64.Rd2 Qc7 65.Rd4 Kg5 66.Rcc4 Kf6 67.Kc2 Ke6 68.Kd1 Ke5 69.Ke2 Ke6
70.Kf3 Ke5 71.Ke2 Ke6 72.Kd3 Qg3+ 73.Kc2 Qc7 74.Rc5 Qa7 75.Rcc4 Qc7 76.Rd3 Qh2+
77.Rd2 Qc7 78.Rd7 Qc8 79.Kc3 Qa6 80.Rb7 Qa3+ 81.Rb3 Qa5+ 82.Rbb4 Qc7 83.Kb3 h4
84.Rxh4 Qg3+ 85.Ka4 Kd6 86.Rhc4 Kc7 87.Rb7+ Kc8 88.c7  1-0

[Event "FKB ch-USA Qualifier"]
[Site "Tulsa USA"]
[Date "2008.03.28"]
[Round "1"]
[White "Holt,C"]
[Black "Boor,C"]
[Result "1-0"]
[WhiteElo "2169"]
[BlackElo "2300"]

1.d4 Nf6 2.c4 e6 3.Nf3 Bb4+ 4.Nbd2 b6 5.a3 Bxd2+ 6.Bxd2 h6 7.Bf4 Bb7 8.e3 d6
9.h3 Nbd7 10.Be2 O-O 11.O-O Qe7 12.Bh2 Rfd8 13.Qc2 c5 14.Rfd1 Nf8 15.b4 Rac8
16.Qb2 Ng6 17.dxc5 bxc5 18.bxc5 dxc5 19.Rxd8+ Rxd8 20.Rd1 Rxd1+ 21.Bxd1 Qd7
22.Qd2 Qc6 23.Qd8+ Nf8 24.Bd6 Nd7 25.Qc7 Qe4 26.Bxf8 Nxf8 27.Qxc5 Qb1 28.Qd6 Qc1
29.Ne5 Bd5 30.cxd5 Qxd1+ 31.Kh2 exd5 32.Qe7 f6 33.Qf7+ Kh7 34.Ng4  1-0

[Event "3rd Open"]
[Site "Kolkata IND"]
[Date "2008.03.29"]
[Round "6"]
[White "Babu,NS"]
[Black "Ramesh,R"]
[Result "1/2-1/2"]
[WhiteElo "2333"]
[BlackElo "2473"]

1.d4 Nf6 2.c4 e6 3.Nf3 Bb4+ 4.Nbd2 b6 5.g3 Bb7 6.Bg2 O-O 7.O-O d5 8.cxd5 exd5
9.a3 Be7 10.b4 a5 11.Rb1 axb4 12.axb4 Bc6 13.b5 Be8 14.Qc2 Ra5 15.Qd3 c5
16.bxc6 Nxc6 17.Ne5 Nb4 18.Qb3 Bb5 19.Ba3 Ra4 20.Bxb4 Bxb4 21.Nd3 Bxd3 22.Qxa4  1/2-1/2

[Event "Spring Open"]
[Site "Belgrade SCG"]
[Date "2008.04.02"]
[Round "9"]
[White "Antonic,D"]
[Black "Grbic,Br"]
[Result "0-1"]
[WhiteElo "1978"]
[BlackElo "1782"]

1.d4 Nf6 2.c4 e6 3.Nf3 Bb4+ 4.Nbd2 b6 5.a3 Bxd2+ 6.Bxd2 Bb7 7.g3 Bxf3 8.exf3 d6
9.Bg2 Nbd7 10.f4 Rc8 11.Bb7 Rb8 12.Bc6 O-O 13.Qa4 a5 14.b4 axb4 15.axb4 e5
16.dxe5 dxe5 17.O-O Re8 18.Rad1 Qc8 19.Bc3 Re7 20.Rfe1 e4 21.f3 e3 22.g4 Nf8
23.Bxf6 gxf6 24.f5 h5 25.h3 hxg4 26.hxg4 Nh7 27.f4 Qf8 28.Kg2 Qh6 29.Kg3 e2
30.Rd3 Kg7 31.Qc2 Rh8 32.Rxe2 Rxe2 33.Qxe2 Nf8 34.Qg2 Qh4+ 35.Kf3 Qe1 36.b5 Rh1
37.Re3 Rf1+ 38.Ke4 Qb1+ 39.Rd3 Re1+ 40.Kd4 Qa1+ 41.Rc3 Rd1+  0-1

[Event "Sozina Open"]
[Site "Bar MNE"]
[Date "2008.04.04"]
[Round "8"]
[White "Panic,Ne"]
[Black "Drasko,M"]
[Result "0-1"]
[WhiteElo "2348"]
[BlackElo "2540"]

1.d4 e6 2.Nf3 Nf6 3.c4 Bb4+ 4.Nbd2 d6 5.a3 Bxd2+ 6.Qxd2 O-O 7.g3 Qe7 8.Bg2 a5
9.b3 e5 10.dxe5 dxe5 11.Bb2 Nc6 12.Qc3 Re8 13.O-O Bg4 14.h3 Bh5 15.Qe3 Rad8
16.Rfd1 Rd6 17.Nh4 Bg6 18.c5 Rd7 19.Nxg6 hxg6 20.Bc3 e4 21.Rxd7 Qxd7 22.b4 a4
23.Qd2 Qxd2 24.Bxd2 Nd4 25.Kf1 Rd8 26.Bg5 Nb3 27.Re1 Rd5 28.Be3 Nd2+ 29.Kg1 Nc4
30.Bc1 b6 31.cxb6 cxb6 32.g4 g5 33.h4 Nxg4 34.Bxe4 Rd4 35.Bf3 gxh4 36.e3 Nge5
37.Be2 Rd6 38.f4 Nd3 39.Rd1 Nxc1 40.Rxc1 Nxe3 41.Rc3 Nd5 42.Rc8+ Kh7 43.Bd3+ g6
44.f5 Nf4 45.Bc2 Rd2 46.Rc7 Kh6 47.Bxa4 g5 48.Rd7 Ra2 49.Bd1 g4 50.Bxg4 Rg2+
51.Kh1 Rxg4 52.Rxf7 Nd3 53.Kh2 Nf2 54.Rf6+ Kh5 55.Rxb6 Rf4 56.a4 Ng4+ 57.Kg2 Rf2+
58.Kh1 h3  0-1